| 000 | 00790nac a22002171u 4500 | ||
|---|---|---|---|
| 008 | 100914t xxu||||| |||| 00| 0 eng d | ||
| 020 | _a1590590635 | ||
| 082 |
_a629.892 _bBAU |
||
| 100 |
_aBaum, Dave _919076 |
||
| 245 |
_aDefinitive Guide to LEGO MINDSTORMS / _bDave Baum. |
||
| 250 | _a2nd ed. | ||
| 260 |
_aNew York : _bApress, _c2002. |
||
| 300 |
_a398 p. : _bill. ; _c24 cm. |
||
| 500 | _aIncludes index. | ||
| 650 |
_aLEGO toys. _919077 |
||
| 650 |
_aRobotics. _919015 |
||
| 650 |
_aRobots _919074 _xProgramming. |
||
| 650 |
_aRobots _919075 _xDesign and construction |
||
| 942 |
_cBB _k629.892BAU _2ddc |
||
| 999 |
_c686 _d686 |
||